| 000 | 00354nam a22001577a 4500 | ||
|---|---|---|---|
| 020 | _a420 42740 6 | ||
| 082 | _a346.07 SCH | ||
| 100 | _aSCHMITTHOFF CLIVE | ||
| 245 | _aTHE EXPORT TRADE | ||
| 250 | _a5th | ||
| 260 |
_aLONDON _bSTEVENS AND SONS |
||
| 300 |
_axxv,451p, _b25CM |
||
| 500 | _ainclude, index, | ||
| 650 | _aTHE EXPOT TRADE | ||
| 942 | _cBK | ||
| 999 |
_c12924 _d12924 |
||